Toán cao cấp Giáo trình dùng cho sinh viên các trường chuyên ngành toán ở các trường Đại học T.3 Giải tích - Hàm nhiều biến
Đã lưu trong:
| 主要作者: | |
|---|---|
| 其他作者: | , |
| 格式: | 圖書 |
| 出版: |
Hà Nội
Giáo dục
2000
|
| 主題: | |
| 標簽: |
添加標簽
沒有標簽, 成為第一個標記此記錄!
|
| Thư viện lưu trữ: | Trung tâm Học liệu Lê Vũ Hùng, Trường Đại học Đồng Tháp |
|---|
| LEADER | 00990pam a22002538a 4500 | ||
|---|---|---|---|
| 001 | 00043951 | ||
| 005 | 20190404090436.0 | ||
| 008 | 110415s2001 ||||||Viesd | ||
| 020 | # | # | |c 19000 |
| 041 | 0 | # | |a Vie |
| 082 | 1 | # | |a 515 |b T406C |
| 100 | 0 | # | |a Trần, Văn Ân |e chủ biên |
| 245 | 0 | 0 | |a Toán cao cấp |c Trần Văn Ân ; Tạ Quang Hải; Đinh Huy Hoàng |n T.3 |p Giải tích - Hàm nhiều biến |b Giáo trình dùng cho sinh viên các trường chuyên ngành toán ở các trường Đại học |
| 260 | # | # | |a Hà Nội |b Giáo dục |c 2000 |
| 300 | # | # | |c 27 cm. |a 246 tr. |
| 653 | # | # | |a Bài tập |
| 653 | # | # | |a Toán cao cấp |
| 653 | # | # | |a Giải tích |
| 653 | # | # | |a Giáo trình |
| 700 | 0 | # | |a Đinh, Huy Hoàng |
| 700 | 0 | # | |a Tạ, Quang Hải |
| 852 | # | # | |j KM.0028611 |j KM.0028608 |j KM.0028609 |j KM.0028610 |j KD.0025654 |
| 910 | # | # | |d 4/4/2019 |
| 980 | # | # | |a Trung tâm Học liệu Lê Vũ Hùng, Trường Đại học Đồng Tháp |